000 00359nam a2200133Ia 4500
008 240624s9999 xx 000 0 und d
041 _aeng
082 _a658.155 CHA
100 _aCHATTERJEE SAYAN
245 _aFAILSAFE STRATEGIES PROFIT AND GROW FROM
260 _c2005
_aNew Delhi
_bPearson Education
300 _axxvii, : 284 : p. : cm. ; 23
365 _cRS
999 _c2982
_d2982